| 000 | 00000nas##2200000za#4500 |
| 001 | 9.505733 |
| 003 | CaOODSP |
| 005 | 20200325091157 |
| 007 | cr ||||||||||| |
| 008 | 150406c2004||||xxc|| p o||||f| |0eng|d |
| 022 | |a1921-3646 |
| 040 | |aCaOODSP|beng |
| 043 | |an-cn--- |
| 086 | 1 |aH1-9/21E-PDF |
| 110 | 1 |aCanada.|bHealth Canada. |bHealth Policy Branch. |
| 245 | 10|aHealth Canada's Research Ethics Board, annual report |h[electronic resource] |
| 260 | |aOttawa - Ontario : |bHealth Canada. |
| 310 | |aAnnual |
| 362 | 1 |a2004--2007/2008 |
| 500 | |aLater reports are available under catalogue number H22-1/1E-PDF. |
| 690 | 07|aBioethics|2gcpds |
| 690 | 07|aMedical research|2gcpds |
| 775 | 08|tComité d'éthique de la recherche à Santé Canada, rapport annuel.|w(CaOODSP)9.502138 |
| 780 | 00|tReport of the Health Canada Research Ethics Board |w(CaOODSP)9.506214 |